<?xml version="1.0" encoding="UTF-8"?>
<record
    xmlns:xsi="http://www.w3.org/2001/XMLSchema-instance"
    xsi:schemaLocation="http://www.loc.gov/MARC21/slim http://www.loc.gov/standards/marcxml/schema/MARC21slim.xsd"
    xmlns="http://www.loc.gov/MARC21/slim">

  <leader>03555nam a2200445 a 4500</leader>
  <controlfield tag="003">CHAP</controlfield>
  <controlfield tag="005">20250522094349.0</controlfield>
  <controlfield tag="007">ta</controlfield>
  <controlfield tag="008">231031s2016    sp ao||fr|||| 001 0 spa d</controlfield>
  <datafield tag="020" ind1=" " ind2=" ">
    <subfield code="a">978-84-16315-89-5</subfield>
  </datafield>
  <datafield tag="040" ind1=" " ind2=" ">
    <subfield code="a">Z</subfield>
    <subfield code="c">CHAP</subfield>
    <subfield code="e">rda</subfield>
  </datafield>
  <datafield tag="082" ind1="0" ind2="0">
    <subfield code="2">20</subfield>
    <subfield code="a">636.2089079</subfield>
    <subfield code="b">F37 2016</subfield>
  </datafield>
  <datafield tag="100" ind1="1" ind2=" ">
    <subfield code="9">188215</subfield>
    <subfield code="a">Fari&#xF1;as Guerrero, Fernando</subfield>
    <subfield code="e">autor</subfield>
  </datafield>
  <datafield tag="245" ind1="0" ind2="0">
    <subfield code="a">Inmunolog&#xED;a y enfermedades infecciosas en vacuno/</subfield>
    <subfield code="c">Fernando Fari&#xF1;as Guerrero, Jos&#xE9; Pedreira Garc&#xED;a, Fco. Javier Di&#xE9;guez Casalta</subfield>
  </datafield>
  <datafield tag="264" ind1=" " ind2="1">
    <subfield code="a">Zaragoza, Espa&#xF1;a:</subfield>
    <subfield code="b">Grupo Asis Biomedia. Servet, </subfield>
    <subfield code="c">2016</subfield>
  </datafield>
  <datafield tag="300" ind1=" " ind2=" ">
    <subfield code="a">xiii, 147 p&#xE1;ginas: </subfield>
    <subfield code="b">ilustraciones a color, tablas, fotograf&#xED;as</subfield>
  </datafield>
  <datafield tag="336" ind1=" " ind2=" ">
    <subfield code="2">rdacontent</subfield>
    <subfield code="a">texto</subfield>
    <subfield code="b">txt</subfield>
  </datafield>
  <datafield tag="337" ind1=" " ind2=" ">
    <subfield code="2">rdamedia</subfield>
    <subfield code="a">sin medio</subfield>
    <subfield code="b">n</subfield>
  </datafield>
  <datafield tag="338" ind1=" " ind2=" ">
    <subfield code="2">rdacarrier</subfield>
    <subfield code="a">volumen</subfield>
    <subfield code="b">nc</subfield>
  </datafield>
  <datafield tag="500" ind1=" " ind2=" ">
    <subfield code="a">ej.1: consumo</subfield>
  </datafield>
  <datafield tag="505" ind1=" " ind2=" ">
    <subfield code="g">1. Inmunolog&#xED;a. 1. &#xD3;rganos y tejido linfoides.-- 2. C&#xE9;lulas del sistema inmunitario.-- . Mol&#xE9;culas del sistema inmunitario.-- 4. Inmunidad innata.-- 5. Inmunidad adaptativa.-- 6. Factores que condicionan las respuestas inmunitarias.-- 7. Inmunidad frente a virus.-- 8. Inmunidad frente a bacterias.-- 9. Inmunidad frente a par&#xE1;sitos.-- 10. Inmunidad frente a hongos.-- 11. Inmunolog&#xED;a e inmunopatolog&#xED;a respiratoria.-- 12. Inmunolog&#xED;a e inmunopatolog&#xED;a digestiva.-- 13. Inmunolog&#xED;a e inmunopatolog&#xED;a mamaria.-- 14. Inmunolog&#xED;a fetal y neonatal.-- 15. Inmunidad calostral.-- 16. Transferencia de inmunidad materna.-- 17. Fallos vacunales.-- 18. Inmunodeficiencias bovinas.-- 19. Hipersensibilidad inmunol&#xF3;gica en bovino.-- 2. Principales enfermedades infecciosas. 20. Tuberculosis bovina.-- 21. Brucelosis bovina.-- 22. Diarrea v&#xED;rica bovina (BVD).-- 23. Rinotraque&#xED;tis infecciosa bovina (IBR) vulvovaginitis postural infecciosa (IPV).-- 24. Paratuberculosis bovina.-- 25 Enfermedad respiratoria bovina (ERB).-- 26. Diarreas neonatales.-- 27. Enfermedades clostridiales.-- 28. Mastitis bovina.-- 29. Fiebre aftosa.-- 30. Lengua azul.-- 31. Enfermedad de Schmallenberg.-- 32. Fiebre Q.-- 33. Leptospirosis bovina.-- 34. Campilobacteriosis genital bovina.-- 35. Dermatofitosis.-- 3. Vscunaci&#xF3;n. 36. Vacunaci&#xF3;n e interferencia en el diagn&#xF3;stico.-- 37. Recomendaciones para la vacunaci&#xF3;n en bovino.</subfield>
  </datafield>
  <datafield tag="520" ind1=" " ind2=" ">
    <subfield code="a">Esta innovadora obra presenta los aspectos fundamentales sobre la inmunolog&#xED;a b&#xE1;sica y las enfermedades infecciosas m&#xE1;s importantes de la especie bovina de una menara ilustrada y did&#xE1;ctica. Cuenta con una primera parte de inmunolog&#xED;a. que incluye l&#xE1;minas que explican el funcionamiento del sistema inmunitario de los b&#xF3;vidos as&#xED; como diferentes aspectos sobre la respuesta inmunitaria. Asimismo, la segunda parte del libro trata sobre las principales enfermedades infecciosas susceptibles de un programa vacunal y en la &#xFA;ltima parte se abordan diferentes aspectos generales sobre la vacunaci&#xF3;n y el diagn&#xF3;stico. </subfield>
  </datafield>
  <datafield tag="534" ind1=" " ind2=" ">
    <subfield code="p">T&#xED;tulo original:</subfield>
  </datafield>
  <datafield tag="650" ind1="1" ind2="3">
    <subfield code="9">45425</subfield>
    <subfield code="a">Ganado vacuno</subfield>
  </datafield>
  <datafield tag="650" ind1="1" ind2="0">
    <subfield code="a">Inmunolog&#xED;a veterinaria</subfield>
    <subfield code="9">58821</subfield>
  </datafield>
  <datafield tag="650" ind1="1" ind2="3">
    <subfield code="9">188221</subfield>
    <subfield code="a">Sistema inmunitario</subfield>
  </datafield>
  <datafield tag="650" ind1="1" ind2="3">
    <subfield code="9">142716</subfield>
    <subfield code="a">Enfermedades del ganado vacuno</subfield>
  </datafield>
  <datafield tag="650" ind1="1" ind2="7">
    <subfield code="9">36936</subfield>
    <subfield code="a">Enfermedades infecciosas en animales</subfield>
  </datafield>
  <datafield tag="650" ind1="1" ind2="7">
    <subfield code="9">115475</subfield>
    <subfield code="a">Tuberculosis en ganado</subfield>
  </datafield>
  <datafield tag="650" ind1="1" ind2="3">
    <subfield code="9">188218</subfield>
    <subfield code="a">Mastitis bovina</subfield>
  </datafield>
  <datafield tag="650" ind1="1" ind2="3">
    <subfield code="9">188219</subfield>
    <subfield code="a">Enfermedad respiratoria bovina</subfield>
  </datafield>
  <datafield tag="650" ind1="1" ind2="3">
    <subfield code="9">188220</subfield>
    <subfield code="a">Diarrea viral bovina</subfield>
  </datafield>
  <datafield tag="650" ind1="1" ind2="7">
    <subfield code="9">117179</subfield>
    <subfield code="a">Vacunas</subfield>
  </datafield>
  <datafield tag="700" ind1="1" ind2=" ">
    <subfield code="9">188216</subfield>
    <subfield code="a">Pedreira Garc&#xED;a, Jos&#xE9;</subfield>
    <subfield code="e">autor</subfield>
  </datafield>
  <datafield tag="700" ind1="1" ind2=" ">
    <subfield code="9">188217</subfield>
    <subfield code="a">Di&#xE9;guez Casalta, Francisco Javier</subfield>
    <subfield code="e">autor</subfield>
  </datafield>
  <datafield tag="942" ind1=" " ind2=" ">
    <subfield code="2">ddc</subfield>
  </datafield>
  <datafield tag="942" ind1=" " ind2=" ">
    <subfield code="2">ddc</subfield>
  </datafield>
  <datafield tag="942" ind1=" " ind2=" ">
    <subfield code="2">ddc</subfield>
  </datafield>
  <datafield tag="942" ind1=" " ind2=" ">
    <subfield code="c">LIBRO</subfield>
  </datafield>
  <datafield tag="999" ind1=" " ind2=" ">
    <subfield code="c">219342</subfield>
    <subfield code="d">219342</subfield>
  </datafield>
  <datafield tag="952" ind1=" " ind2=" ">
    <subfield code="0">0</subfield>
    <subfield code="1">0</subfield>
    <subfield code="2">ddc</subfield>
    <subfield code="4">0</subfield>
    <subfield code="5">1</subfield>
    <subfield code="7">0</subfield>
    <subfield code="8">GRAL</subfield>
    <subfield code="a">Z</subfield>
    <subfield code="b">Z</subfield>
    <subfield code="d">2021-12-13</subfield>
    <subfield code="e">Compra por licitaci&#xF3;n Factura n. 237</subfield>
    <subfield code="g">2437.00</subfield>
    <subfield code="i">Consumo</subfield>
    <subfield code="l">0</subfield>
    <subfield code="o">636.2089079 F37 2016</subfield>
    <subfield code="p">5102007394</subfield>
    <subfield code="r">2023-10-31 00:00:00</subfield>
    <subfield code="t">Ej.1</subfield>
    <subfield code="w">2023-10-31</subfield>
    <subfield code="y">LIBRO</subfield>
  </datafield>
</record>
